000 01290nam a22003617a 4500
003 CHAP
005 20220329135705.0
008 971013s1981 r 00010 d
010 _a40617
011 _a41589
035 _a45715
040 _cCHAP
090 _aTesis
100 0 0 _aFlores Guerrero, Jaime Adolfo.
_941572
245 1 _aEfecto antagónico de Trichoderma virede (PERS) Fries sobre Phymatotrichum omnivorum (SHEAR) Duggar
260 _aMonterrey, N.L. :
_bEl Autor,
_c1981
300 _a57 h.
_b: gráfs.
502 _aTesis (Ing. Agr. en Producción Agropecuaria) -- ITESM. Div. de Ciencias Agropecuarias y Marítimas
590 _aALEPH
_b10
_c20130110
_lUCH01
_h1309
590 _aBATCH-UPD
_b10
_c20130109
_lUCH01
_h2334
590 _aBATCH-UPD
_b10
_c20130110
_lUCH01
_h1946
590 _aBATCH-UPD
_b10
_c20130409
_lUCH01
_h1901
590 _aBATCH-UPD
_b10
_c20130410
_lUCH01
_h1308
590 _aBATCH-UPD
_b10
_c20130914
_lUCH01
_h1046
590 _aCONVERSION
_b10
_c20130109
_lUCH01
_h1322
650 1 4 _aControl biológico de plagas.
_927587
650 1 4 _aPhymatotrichum omnivorum.
_987888
650 1 4 _aPudrición texana de la raíz.
_992868
650 1 4 _aTrichoderma viride.
_9114925
901 _aBK
942 _cTESIS
949 _bBC
_cTES
_d-104356
_eTS1
_i45715
_si
999 _c40617
_d40617